000 00843nam a2200217Ia 4500
001 1251
003 GE_BSU
008 181216s||||||||xx |||||||||||||| ||und||
040 _cGE_BSU
080 _a669.01(075.3)
100 _aჯუღელი, კ. კეჩხუაშვილი, ა;
245 _aლითონთა ტექნოლოგია და საკონსტრუქციო მასალები
245 _bსახელმძღვ. სოფლ. მეურნ. მექანიზაციის ტექნიკუმებისათვის
260 _aთბილისი
260 _bგანათლება
260 _c1974
300 _a440 გვ. 21სმ.
541 _h10 ლ.
653 _aლითონების ტექნოლოგია
942 _cBK
999 _c35398
_d35398